The heart of Donna Rai: (Record no. 180974)

MARC details
000 -LEADER
fixed length control field 00473nam a22001937a 4500
005 - DATE AND TIME OF LATEST TRANSACTION
control field 20210824154109.0
010 ## - LCCN (DPL NO)
LC control number ENG-129796
020 ## - INTERNATIONAL STANDARD BOOK NUMBER
Terms of availability 499.00
International Standard Book Number 978-81-936761-2-7
035 ## - SYSTEM CONTROL NUMBER
System control number EN-113328
037 ## - SOURCE OF ACQUISITION
Source of stock number/acquisition DBAD/PUB
082 ## - DEWEY DECIMAL CLASSIFICATION NUMBER
Classification number N
100 ## - MAIN ENTRY--PERSONAL NAME
Personal name Shoam
245 ## - TITLE STATEMENT
Title The heart of Donna Rai:
250 ## - EDITION STATEMENT
Edition statement 2017
260 ## - PUBLICATION, DISTRIBUTION, ETC. (IMPRINT)
Name of publisher, distributor, etc Adisakrit
Date of publication, distribution, etc 2018
Place of publication, distribution, etc Chennai
270 ## - ADDRESS
City Chennai
Address Rathna offset printers
Postal code 600119
300 ## - PHYSICAL DESCRIPTION
Extent 307p.
Dimensions 25cm (pbk)
942 ## - ADDED ENTRY ELEMENTS (KOHA)
Source of classification or shelving scheme Dewey Decimal Classification
Item type English Books
Classification part N
Call number prefix SHO
Holdings
Withdrawn status Lost status Not for loan Collection code Home library Current library Date acquired Source of acquisition Cost, normal purchase price Full call number Barcode Copy number Cost, replacement price Koha item type
      Fiction Central Library Central Library 24/08/2021 DBAD/PUB 499.00 N EN-113328 1 499.00 English Books

© Delhi Public Library
Hit Counter
free hit counter